000 00315nam a22001337a 4500
008 170303b xxu||||| |||| 00| 0 eng d
020 _a9780323018937
041 _aeng
080 _24TH
_a616.073
100 _a6
101 _aSHM
245 _aRADIOGRAPHIC PATHOLOGY FOR TECHNOLOGISTS
_cMACE, J,D
942 _2udc
_cBK
999 _c6653
_d6653